Podnikateľský plán - financie. 6 (záver)

Finančný plán ako záver podnikateľského plánu. Zdroj financovania, o ktorý sa podnikateľ uchádza. Bankové úvery ako najrozšírenejší zdroj financovania.

Na minha lista:
Detalhes bibliográficos
Autor principal: Pilková, Anna
Formato: Capítulo de Livro
Idioma:eslovaco
Assuntos:
Tags: Adicionar Tag
Sem tags, seja o primeiro a adicionar uma tag!

MARC

LEADER 00000naa a2200000 4500
001 r014340
005 20221220115527.3
041 0 |a slo 
044 |a SK 
245 1 0 |a Podnikateľský plán - financie. 6 (záver)  |c Anna Pilková 
520 |a Finančný plán ako záver podnikateľského plánu. Zdroj financovania, o ktorý sa podnikateľ uchádza. Bankové úvery ako najrozšírenejší zdroj financovania. 
610 2 0 |a plán podnikový 
610 2 0 |a plánovanie podnikové 
610 2 0 |a plán finančný 
610 2 0 |a podnikatelia 
610 2 0 |a zdroje finančné 
610 2 0 |a financovanie podnikov 
610 2 0 |a úver bankový 
100 1 |a Pilková, Anna